Statistics for Click the Player's World Cup Country

Click here to take the quiz!

General Stats

  • This quiz has been taken 151 times
  • The average score is 19 of 32

Answer Stats

HintAnswer% Correct
Thomas MüllerGermany
83%
Kim Min-jaeSouth Korea
82%
RaphinhaBrazil
81%
Paulo DybalaArgentina
74%
Takehiro TomiyasuJapan
74%
Mason MountEngland
71%
Nuno MendesPortugal
71%
Rasmus KristensenDenmark
70%
Theo HernandezFrance
70%
Dries MertensBelgium
69%
Hakim ZiyechMorocco
69%
Mislav OršićCroatia
65%
Federico ValverdeUruguay
64%
Cody GakpoNetherlands
63%
Jonathan DavidCanada
60%
André AyewGhana
57%
Nawaf Al-AbedSaudi Arabia
57%
Dani OlmoSpain
57%
Timothy WeahUnited States
57%
Filip KostićSerbia
56%
Aaron MooyAustralia
50%
Karl Toko EkambiCameroon
50%
Wahbi KhazriTunisia
50%
Denis ZakariaSwitzerland
47%
Piero HincapiéEcuador
43%
Alireza JahanbakhshIran
42%
Jan BednarekPoland
41%
Ethan AmpaduWales
40%
Jesús GallardoMexico
39%
Almoez AliQatar
35%
Famara DiédhiouSenegal
35%
Bryan OviedoCosta Rica
31%

Score Distribution

Percentile by Number Answered

Percent of People with Each Score

Your Score History

You have not taken this quiz